MARC details
| 000 -CABECERA |
| campo de control de longitud fija |
01357nam a2200277 u 4500 |
| 005 - FECHA Y HORA DE LA ÚLTIMA TRANSACCIÓN |
| campo de control |
20220824085356.0 |
| 008 - ELEMENTOS DE LONGITUD FIJA--INFORMACIÓN GENERAL |
| campo de control de longitud fija |
191113s2001 mx ao r 000 0 spa d |
| 020 ## - NÚMERO INTERNACIONAL NORMALIZADO PARA LIBROS |
| Número Internacional Estándar del Libro |
9683689310 |
| 035 ## - NÚMERO DE CONTROL DEL SISTEMA |
| Número de control de sistema |
UPN01000234026 |
| 040 ## - FUENTE DE LA CATALOGACIÓN |
| Centro catalogador/agencia de origen |
MX-MxUPN |
| Lengua de catalogación |
spa |
| Centro/agencia transcriptor |
MX-MxUPN |
| 050 ## - SIGNATURA TOPOGRÁFICA DE LA BIBLIOTECA DEL CONGRESO |
| Número de clasificación |
PQ7082 P76 |
| Número de documento/Ítem |
P75 2001 |
| 245 03 - MENCIÓN DE TÍTULO |
| Título |
La producción simbólica en la América colonial : |
| Resto del título |
interrelación de la literatura y las artes / |
| Mención de responsabilidad, etc. |
José Pascual Buxó, editor ; con la colaboración de Dalia Hernández Reyes, Dalmacio Rodríguez Hernández. |
| 250 ## - MENCIÓN DE EDICIÓN |
| Mención de edición |
Primera edición |
| 260 ## - PUBLICACIÓN, DISTRIBUCIÓN, ETC. |
| Lugar de publicación, distribución, etc. |
México : |
| Nombre del editor, distribuidor, etc. |
Universidad Nacional Autónoma de México, Instituto de Investigaciones Bibliográficas, Seminario de Cultura Literaria Novohispana : |
| -- |
Consejo Nacional de Ciencia y Tecnología, |
| Fecha de publicación, distribución, etc. |
2001. |
| 300 ## - DESCRIPCIÓN FÍSICA |
| Extensión |
600 páginas : |
| Otras características físicas |
ilustraciones, fotografías en blanco y negro |
| 490 ## - MENCIÓN DE SERIE |
| Mención de serie |
Serie Estudios de cultura literaria novohispana ; |
| Designación de volumen o secuencia |
15 |
| 650 #0 - ASIENTO SECUNDARIO DE MATERIA - TERMINO TEMATICO |
| 9 (RLIN) |
45504 |
| Término de materia o nombre geográfico como elemento de entrada |
Prosa hispanoamericana |
| Subdivisión cronológica |
Hasta 1800 |
| Subdivisión general |
Historia y crítica |
| 650 #0 - ASIENTO SECUNDARIO DE MATERIA - TERMINO TEMATICO |
| 9 (RLIN) |
45505 |
| Término de materia o nombre geográfico como elemento de entrada |
Literatura y sociedad |
| Subdivisión geográfica |
América Latina |
| 650 #2 - ASIENTO SECUNDARIO DE MATERIA - TERMINO TEMATICO |
| 9 (RLIN) |
10445 |
| Término de materia o nombre geográfico como elemento de entrada |
Simbolismo en la literatura |
| 700 1# - ASIENTO SECUNDARIO--NOMBRE DE PERSONAL |
| Nombre de persona |
Buxó, José Pascual, |
| Fechas asociadas al nombre |
1931- |
| Término indicativo de función/relación |
editor |
| 9 (RLIN) |
45500 |
| 700 1# - ASIENTO SECUNDARIO--NOMBRE DE PERSONAL |
| Nombre de persona |
Hernández Reyes, Dalia |
| Término indicativo de función/relación |
colaboradora |
| 9 (RLIN) |
45502 |
| 700 1# - ASIENTO SECUNDARIO--NOMBRE DE PERSONAL |
| Nombre de persona |
Rodríguez Hernández, Dalmacio |
| Término indicativo de función/relación |
colaborador |
| 9 (RLIN) |
45503 |
| 905 ## - TIPO DE MATERIAL |
| Tipo de material |
Libro |
| 942 ## - ELEMENTOS DE PUNTO DE ACCESO ADICIONAL (KOHA) |
| Suprimir en OPAC |
No |
| Tipo de ítem Koha |
Libro |
| Fuente del sistema de clasificación o colocación |
Library of Congress Classification |